| Tag |
First Indicator |
Second Indicator |
Subfields |
| LEADER |
00000cam a2200000 a 4500 |
| 001 |
in00002787869 |
| 005 |
20211120170511.0 |
| 006 |
m o d f |
| 007 |
cr bn||||||||| |
| 008 |
121116s2012 dcu ob f000 0 eng c |
| 035 |
|
|
|a (OCoLC)ocn818354288
|
| 040 |
|
|
|a GPO
|c GPO
|d GPO
|d MvI
|d UtOrBLW
|
| 042 |
|
|
|a pcc
|
| 043 |
|
|
|a n-us---
|
| 049 |
|
|
|a WWW
|
| 050 |
1 |
4 |
|a KF27
|b .J8588 2012g
|
| 074 |
|
|
|a 1020-C (online)
|
| 086 |
0 |
|
|a Y 4.J 89/1:112-140
|
| 088 |
|
|
|a Serial no. 112-140 (United States. Congress. House. Committee on the Judiciary)
|
| 110 |
1 |
|
|a United States.
|b Congress.
|b House.
|b Committee on the Judiciary.
|b Subcommittee on Crime, Terrorism, and Homeland Security.
|
| 245 |
1 |
0 |
|a Beyond the streets :
|b America's evolving gang threat : hearing before the Subcommittee on Crime, Terrorism, and Homeland Security of the Committee on the Judiciary, House of Representatives, One Hundred Twelfth Congress, second session, July 25, 2012.
|
| 264 |
|
1 |
|a Washington :
|b U.S. G.P.O.,
|c 2012.
|
| 300 |
|
|
|a 1 online resource (iii, 53 pages)
|
| 336 |
|
|
|a text
|b txt
|2 rdacontent
|
| 337 |
|
|
|a computer
|b c
|2 rdamedia
|
| 338 |
|
|
|a online resource
|b cr
|2 rdacarrier
|
| 500 |
|
|
|a Title from title screen (viewed on Nov. 16, 2012).
|
| 504 |
|
|
|a Includes bibliographical references.
|
| 500 |
|
|
|a "Serial number 112-140."
|
| 500 |
|
|
|a Electronic resource.
|
| 650 |
|
0 |
|a Gangs
|z United States.
|
| 650 |
|
0 |
|a Violent crimes
|z United States.
|
| 650 |
|
0 |
|a Transnational crime
|z United States.
|
| 650 |
|
0 |
|a Terrorism
|z United States.
|
| 650 |
|
0 |
|a Gang prevention
|z United States.
|
| 776 |
0 |
8 |
|i Print version:
|a United States. Congress. House. Committee on the Judiciary. Subcommittee on Crime, Terrorism, and Homeland Security.
|t Beyond the streets : America's evolving gang threat
|w (OCoLC)820002434
|
| 776 |
0 |
8 |
|i Microfiche version:
|a United States. Congress. House. Committee on the Judiciary. Subcommittee on Crime, Terrorism, and Homeland Security.
|t Beyond the streets
|w (OCoLC)827231776
|
| 856 |
4 |
0 |
|u https://purl.fdlp.gov/GPO/gpo31445
|t 0
|
| 999 |
|
|
|a MARS
|
| 999 |
f |
f |
|s afaade48-72fd-317a-be24-fd487e3ef752
|i 6ab0cc37-dcab-35c5-b323-0e8ecd996125
|t 0
|
| 952 |
f |
f |
|a Texas A&M University
|b College Station
|c Electronic Resources
|d Available Online
|t 0
|e Y 4.J 89/1:112-140
|h Superintendent of Documents classification
|
| 998 |
f |
f |
|a Y 4.J 89/1:112-140
|t 0
|l Available Online
|